Manufactura y cambio estructural: aportes para pensar la política industrial en la Argentina
I tiakina i:
| Ngā kaituhi matua: | , , |
|---|---|
| Hōputu: | Pukapuka |
| Reo: | Pāniora |
| I whakaputaina: |
Santiago
CEPAL
2017
|
| Putanga: | 1a. ed |
| Rangatū: | Libros de la CEPAL, 149
|
| Ngā marau: | |
| Ngā Tūtohu: |
Tāpirihia he Tūtohu
Kāore He Tūtohu, Me noho koe te mea tuatahi ki te tūtohu i tēnei pūkete!
|
MARC
| LEADER | 00000cam a2200000 a 4500 | ||
|---|---|---|---|
| 001 | UCC3425 | ||
| 003 | CL-VaPUC | ||
| 008 | 180511e20170000cl |||||||||||||||||spa|d | ||
| 020 | |a 9789211219678 | ||
| 082 | 0 | 4 | |a 338.982 |b ABE |2 21 |
| 100 | 0 | |a Abeles, Martín |e author |9 597403 | |
| 700 | 0 | |a Cimoli, Mario |e author |9 597404 | |
| 700 | 0 | |a Lavarello, Pablo |e author |9 597405 | |
| 245 | 1 | 0 | |a Manufactura y cambio estructural: aportes para pensar la política industrial en la Argentina |
| 250 | |a 1a. ed | ||
| 300 | |a 330 p | ||
| 942 | |c BK | ||
| 945 | |d 20180511 10:48:00 |a dcastane | ||
| 260 | |a Santiago |b CEPAL |c 2017 | ||
| 650 | 0 | |a Desarrollo industrial |9 322675 | |
| 650 | 0 | |a Desarrollo económico y social |9 256320 | |
| 650 | 0 | |a Industrialización |9 263687 | |
| 650 | 7 | |a ECONOMIA INDUSTRIAL |2 CL-VaPUC |9 315314 | |
| 650 | 0 | |a Política industrial |9 334157 | |
| 651 | 0 | |a Argentina |9 254888 | |
| 583 | |a last modification |c 20180511 10:48:00 |k Rodrigo Vera | ||
| 490 | 0 | |a Libros de la CEPAL, 149 | |
| 999 | |c 371127 |d 371125 | ||
| 952 | |0 0 |1 0 |3 erb |4 0 |6 338_982000000000000_ABE_2017 |7 0 |8 A |9 488015 |a BIBGIM |b BIBGIM |i 5469449 |o 338.982 ABE 2017 |p 5469449 |r 2025-01-15 |w 2019-11-24 |y BK |z Catalogado en:20180511 |k GIM | ||